00509 2200193 4500001002100000005001500021035002000036245005800056100001600114300002200130260004400152082000800196084001400204020002100218650000900239650001200248008004100260990001400301INLIS00000000000201020260413100535 a0010-04260000091 aSukses Usaha Pembibitan Sapi & Kambing /cAhmad Yunus0 aAhmad Yunus a206 hlm ;c20 cm. aYogyakarta :bPustaka Baru Press,c2020 a636 a636 AHM s a978-6027-819-061 4aSapi 4aKambing260413 0 ind  a202403889